Normal view MARC view
  • UNIVERSAL MINING SCHOOL

Entry Personal Name

Number of records used in: 3

001 - CONTROL NUMBER

  • control field: 8222

003 - CONTROL NUMBER IDENTIFIER

  • control field: JRU

005 - DATE AND TIME OF LATEST TRANSACTION

  • control field: 20231103123225.0

008 - FIXED-LENGTH DATA ELEMENTS

  • fixed length control field: 231103|| aca||aabn | a|a d

040 ## - CATALOGING SOURCE

  • Original cataloging agency: JRU
  • Transcribing agency: JRU

100 ## - HEADING--PERSONAL NAME

  • Personal name: UNIVERSAL MINING SCHOOL

670 ## - SOURCE DATA FOUND

  • Source citation: Work cat.: (JRU)8443: UNIVERSAL MINING SCHOOL, WINING AND WORKING MINE VENTILATION, EXPLOSIONS FIRES AND INUNDATION [VOL-1]